Cyclisme-Coureurs victorieux en World Tour en 2021 - Statistiques

Statistiques générales
  • Ce quiz a été pris 38 fois
  • Le résultat moyen est 51 sur 82
Statistiques - réponses
Nb de Victoires Nationalité Equipe Coureurs Equipe Actuelle (2024) % Correct
11 Slovénie UAE Team Emirates Tadej Pogacar UAE Team Emirates
100%
10 Slovénie Team Jumbo-Visma Primoz Roglic BORA - Hansgrohe
97%
3 France Deceuninck - Quick Step Julian Alaphilippe Soudal Quick-Step
94%
7 Pays-Bas Alpecin - Fenix Mathieu Van der Poel Alpecin - Deceuninck
94%
7 Belgique Team Jumbo-Visma Wout Van Aert Team Visma | Lease a Bike
94%
2 Royaume-Uni INEOS Grenadiers Adam Yates UAE Team Emirates
89%
3 Belgique Alpecin - Fenix Jasper Philipsen Alpecin - Deceuninck
89%
1 France Team DSM Romain Bardet Team dsm-firmenich PostNL
89%
1 Royaume-Uni Team BikeExchange Simon Yates Team Jayco AlUla
89%
4 Australie Lotto Soudal Caleb Ewan Team Jayco AlUIa
86%
3 Colombie INEOS Grenadiers Egan Bernal INEOS Grenadiers
86%
3 Italie INEOS Grenadiers Filippo Ganna INEOS Grenadiers
86%
3 Slovaquie BORA - Hansgrohe Peter Sagan Pierre Baguette Cycling
86%
3 Pays-Bas Deceuninck - Quick Step Fabio Jakobsen Team dsm-firmenich PostNL
83%
2 Royaume-Uni INEOS Grenadiers Geraint Thomas INEOS Grenadiers
83%
4 Royaume-Uni Deceuninck - Quick Step Mark Cavendish Astana Qazaqstan Team
83%
3 Slovénie Bahrain - Victorious Matej Mohoric Bahrain - Victorious
83%
5 Irlande Deceuninck - Quick Step Sam Bennett Decathlon AG2R La Mondiale
83%
1 Belgique Lotto Soudal Brent Van Moer Lotto Dstny
81%
1 France Groupama - FDJ David Gaudu Groupama - FDJ
81%
3 Portugal Deceuninck - Quick Step João Almeida UAE Team Emirates
81%
4 Belgique Alpecin - Fenix Tim Merlier Soudal Quick-Step
81%
1 Espagne Movistar Team Alejandro Valverde Retraite
78%
2 Suisse Bahrain - Victorious Gino Mäder Décédé en 2023
78%
2 Equateur INEOS Grenadiers Richard Carapaz EF Education - Easy Post
78%
1 Danemark Team Jumbo-Visma Jonas Vingegaard Team Visma | Lease a Bike
75%
4 Danemark EF Education - Nippo Magnus Cort Uno -X Mobility
75%
2 France Deceuninck - Quick Step Rémi Cavagna Movistar Team
75%
1 Irlande Israel Start-Up Nation Dan Martin Retraite
72%
2 Danemark Deceuninck - Quick Step Kasper Asgreen Soudal Quick-Step
72%
1 Etats-Unis Team Jumbo-Visma Sepp Kuss Team Visma | Lease a Bike
72%
1 Australie AG2R Citroën Team Ben O'Connor Decathlon AG2R La Mondiale
69%
2 Italie Bahrain - Victorious Damiano Caruso Bahrain - Victorious
69%
1 Allemagne BORA - Hansgrohe Nils Politt UAE Team Emirates
69%
3 Suisse EF Education - Nippo Stefan Bissegger EF Education - Easy Post
69%
1 Pays-Bas INEOS Grenadiers Dylan Van Baarle Team Visma | Lease a Bike
67%
2 Australie Team DSM Michael Storer Tudor Pro Cycling Team
67%
1 Suisse Groupama - FDJ Stefan Küng Groupama - FDJ
67%
1 Italie AG2R Citroën Team Andrea Vendrame Decathlon AG2R La Mondiale
64%
5 Italie Bahrain - Victorious Sonny Colbrelli Retraite
64%
1 Italie EF Education - Nippo Alberto Bettiol EF Education - Easy Post
61%
1 Belgique Bahrain - Victorious Dylan Teuns Israel - Premier Tech
61%
1 Canada Israel Start-Up Nation Michael Woods Israel - Premier Tech
61%
1 Colombie Movistar Team Miguel Angel Lopez Suspendu pour dopage
61%
1 Pologne UAE Team Emirates Rafal Majka UAE Team Emirates
61%
2 Australie INEOS Grenadiers Rohan Dennis Retraite
61%
1 Kazakhstan Astana - Premier Tech Alexey Lutsenko Astana Qazaqstan Team
58%
1 Colombie Team BikeExchange Esteban Chaves EF Education - Easy Post
58%
1 France Deceuninck - Quick Step Florian Sénéchal Arkéa - B&B Hotels
58%
1 Espagne Astana - Premier Tech Ion Izagirre Cofidis
58%
2 Ukraine Bahrain - Victorious Mark Padun Team Corratec - Vini Fantini
58%
1 Colombie EF Education - Nippo Rigoberto Uran EF Education - Easy Post
58%
1 Allemagne Bahrain - Victorious Phil Bauhaus Bahrain - Victorious
56%
1 Australie Trek - Segafredo Richie Porte Retraite
56%
1 France AG2R Citroën Team Benoit Cosnefroy Decathlon AG2R La Mondiale
53%
1 Pays-Bas Trek - Segafredo Bauke Mollema Lidl - Trek
50%
1 Colombie UAE Team Emirates Fernando Gaviria Movistar Team
50%
1 Belgique Trek-Segafredo Jasper Stuyven Lidl-Trek
50%
1 Allemagne BORA - Hansgrohe Lennard Kämna BORA - Hansgrohe
50%
1 Espagne Movistar Team Marc Soler UAE Team Emirates
50%
1 Etats-Unis EF Education - Nippo Neilson Powless EF Education - Easy Post
50%
1 Autriche BORA - Hansgrohe Patrick Konrad Lidl - Trek
50%
2 Danemark Lotto Soudal Andreas Kron Lotto Dstny
47%
1 Italie EOLO - Kometa Lorenzo Fortunato Astana Qazaqstan Team
47%
1 France Cofidis Victor Lafay Decathlon AG2R La Mondiale
47%
1 Estonie Intermarché - Wanty - Gobert Matériaux Rein Taaramäe Intermarché - Wanty
44%
1 Belgique Team Qhubeka ASSOS Victor Campenaerts Lotto Dtsny
44%
1 France AG2R Citroën Team Clément Champoussin Arkéa - B&B Hotels
42%
1 Pays-Bas Team DSM Cees Bol Astana Qazaqstan Team
39%
1 Italie Deceuninck - Quick Step Davide Ballerini Astana Qazaqstan Team
39%
1 Italie Team Qhubeka ASSOS Giacomo Nizzolo Q36.5 Pro Cycling Team
39%
1 Allemagne BORA - Hansgrohe Maximilian Schachmann BORA - Hansgrohe
39%
2 Pays-Bas Intermarché - Wanty - Gobert Matériaux Taco van der Hoorn Intermarché - Wanty
36%
1 Espagne Movistar Team Alex Aranburu Movistar Team
33%
1 Danemark Deceuninck - Quick Step Mikkel Honoré EF Education - Easy Post
33%
1 Autriche BORA - Hansgrohe Lukas Pöstlberger Sans Equipe
31%
1 Allemagne Team DSM Nikias Arndt Bahrain - Victorious
31%
1 Pays-Bas EF Education - Nippo Julius van den Berg Team dsm-firmenich PostNL
28%
1 Suisse Team Qhubeka ASSOS Mauro Schmid Team Jayco AlUla
28%
1 Belgique Lotto Soudal Thomas De Gendt Lotto Dstny
28%
1 Danemark Israel Start-Up Nation Mads Würtz Schmidt Israel - Premier Tech
25%
1 Etats-Unis UAE Team Emirates Joe Dombrowski Retraite
14%
Aucun quiz correspondant
Distribution des résultats
% des personnes avec chaque résultat
Percentile par nombre de réponses
Votre historique - résultats
Vous n’avez pas pris ce quiz